| 000 | 00588nam a22001815i 4500 | ||
|---|---|---|---|
| 001 | 48760 | ||
| 003 | ES-MaACL | ||
| 007 | t| | ||
| 008 | 950728s1867 gw ||||1| fre d | ||
| 040 |
_aCAM _bspa _cCAM |
||
| 245 | 0 | 0 | _aNouveau dictionnaire portatif francais-danois et danois-francais. |
| 250 | _aEd. stéréotype de Charles Tauchnitz. | ||
| 260 |
_aLeipsic (sic) : _bOtto Holtze, _c1867. |
||
| 300 |
_aVIII, 771 p. ; _c15 cm. |
||
| 650 | 1 | 4 |
_aLengua francesa- _vDiccionarios- _xDanés. _914208 |
| 650 | 1 | 4 |
_aLengua danesa- _vDiccionarios- _xFrancés. _914112 |
| 852 |
_aES-MaACL _jG-13765 |
||
| 999 |
_c48760 _d48760 |
||